000 00775nam a2200265Ia 4500
003 OSt
005 20221005035356.0
006 a|||||r|||| 00| 0
007 ta
008 221004b |||||||| |||| 00| 0 eng d
020 _a9788178357928 (hbk)
_c750
024 _a99847
037 _b367, 22/12/2009, Eastern Book Linkers
_cTextual
040 _aCRL
_cCRL
_beng
041 _2eng
_aeng
082 _aQ40bY5927, Q0
100 _aNaik C.D.
245 0 _aBuddhism and dalits
_b Social philosophy and traditions
260 _aDelhi
_bKalpaz India
_c2010
300 _a317p.
_ccm.
650 _a BUDDHISM
650 _aRELIGION
942 _hQ40bY5927, Q0
_cTEXL
_2cc
999 _c945028
_d945028